000 00582nam a2200181Ia 4500
003 GCL
008 140319s9999 xx 000 0 ara d
040 _aGCL /
_cGCL
082 0 4 _a380.121
_bم س
100 1 _aمحمود محمد بابليى
245 1 0 _aالسوق الاسلامية المشتركة /
_cمحمود محمد بابليى
260 _a[S.N] :
_bدار الكتاب العربى ،
_c1975
300 _a220 ص
490 _a
650 0 4 _aالاسلام والاقتصاد
650 0 4 _aالاسلام والاصلاح الاقتصادى
942 _2ddc
_cBK
999 _c54551
_d54551